| 000 | 00753nam a2200253 a 4500 | ||
|---|---|---|---|
| 008 | |||
| 020 | _a9789230028510 (paperback) | ||
| 040 |
_aNUST _cNUST |
||
| 090 |
_aREF L101 _bSTU |
||
| 245 | 1 | 0 |
_aStudy Abroad _betudes a' letranger, estudios en el extranjero |
| 260 |
_aUnited Kingdom : _bUnited Nations, _c1993 |
||
| 300 |
_axiv, 1314 pages ; _c23 cm |
||
| 336 |
_atext _bn _2rdacontent |
||
| 337 |
_aunmediated _bn _2rdamedia |
||
| 338 |
_avolume _bnc _2rdacarrier |
||
| 500 | _aIncludes index. | ||
| 650 | _aCourses. | ||
| 650 | 1 | _aInternational Schorlaships. | |
| 907 |
_a.b10419378 _b28-06-22 _c28-06-22 |
||
| 003 | |||
| 005 | 20230120144509.0 | ||
| 049 | _aMAIN | ||
| 942 |
_cBOOKS _kREF L101 _mSTU |
||
| 999 |
_c97904 _d97904 |
||